000 00434nam a2200145Ia 4500
008 211109s9999||||xx |||||||||||||| ||und||
082 _a894.81209
_bMAT-V
100 _aMattathil, Kuryan Kattanar
245 0 _aVimarsana Viharam
260 _bUnknown Publisher
_aNo Place
_c1960
300 _a25p.
630 _xGeneral Stack
650 _aLiteratures of other languages
_vMalayalam LiteratureMalayalam Poetry
_xMalayalam
942 _cBOOK
999 _c5085
_d5085